Normal view
MARC view
- غناء - أغاني شعبية أردنية - العلوم الإجتماعية
Entry Topical Term
001 - CONTROL NUMBER
- control field: 23057
003 - CONTROL NUMBER IDENTIFIER
- control field: JO-AjAnu
005 - DATE AND TIME OF LATEST TRANSACTION
- control field: 20230606073953.0
008 - FIXED-LENGTH DATA ELEMENTS
- fixed length control field: 230606|| aca||aabn | a|a d
040 ## - CATALOGING SOURCE
- Original cataloging agency: JO-AjAnu
- Transcribing agency: JO-AjAnu
150 ## - HEADING--TOPICAL TERM
- Topical term or geographic name entry element: غناء - أغاني شعبية أردنية - العلوم الإجتماعية
670 ## - SOURCE DATA FOUND
- Source citation: Work cat.: (JO-AjAnu)11849: غوانمة،محمد, author 23056, الأهزوجة الأردنية